Convergencia de las civilizaciones
Gorde:
| Egile nagusia: | |
|---|---|
| Formatua: | Liburua |
| Hizkuntza: | gaztelania |
| Argitaratua: |
Barcelona
Nova-Terra
1967
|
| Gaiak: | |
| Etiketak: |
Etiketa erantsi
Etiketarik gabe, Izan zaitez lehena erregistro honi etiketa jartzen!
|
MARC
| LEADER | 00000nam a2200000 a 4500 | ||
|---|---|---|---|
| 001 | UCT4310 | ||
| 003 | CL-VaPUC | ||
| 008 | 961108e19670000SP |||||||||||||||||spa|d | ||
| 082 | 0 | 4 | |a 306 |b LAZ |2 21 |
| 100 | 0 | |a Lazard, Didier |e author |9 373586 | |
| 245 | 1 | 0 | |a Convergencia de las civilizaciones |
| 300 | |a 146 p | ||
| 942 | |c BK | ||
| 945 | |d 19961108 00:00:00 |a aalvarez | ||
| 260 | |a Barcelona |b Nova-Terra |c 1967 | ||
| 650 | 0 | |a Civilizaciones |9 267192 | |
| 583 | |a last modification |c 19961108 00:00:00 |k Rodrigo Vera | ||
| 999 | |c 253713 |d 253711 | ||
| 952 | |0 0 |1 0 |4 0 |6 306_000000000000000_LAZ_1967 |7 0 |8 A |9 274764 |a BIBTEO |b BIBTEO |d 2019-11-19 |i 3198634 |o 306 LAZ 1967 |p 3198634 |r 2025-01-17 |w 2019-11-19 |y BK |k ICR | ||